| 000 | 00760nam a2200193Ia 4500 | ||
|---|---|---|---|
| 008 | 151121s9999||||xx |||||||||||||| ||und|| | ||
| 082 | _a818 / गिते | ||
| 082 | _bHNW-78318 | ||
| 100 | _aगिते विलास - अनु। | ||
| 245 | _aरवींद्रनाथांच्या सहवासात | ||
| 260 | _b"साके त प्रकाशन, औरंगाबाद।" | ||
| 260 | _c-- | ||
| 300 | _a191 | ||
| 600 | _aगिते विलास - अनु। | ||
| 630 | _aरवींद्रनाथांच्या सहवासात | ||
| 700 | _aगिते विलास - अनु। | ||
| 730 | _aरवींद्रनाथांच्या सहवासात | ||
| 942 | _cBOOK | ||
| 999 |
_c1259724 _d1259721 |
||